000 00525nam a2200229Ia 4500
003 0100
008 130227s9999 xx 000 0 und d
040 _cARRUPELIB
050 _aQ125.G84 2002
100 _aGribbin, John
245 _aScience
245 _ba history
260 _aLondon
260 _bPenguin Books
260 _C2002
300 _axxii
300 _b 646p. 20cm.
650 _bGame theory
650 _cEconomics, Mathematical
650 _dEconomics--Methamatical models
942 _2lcc
_01
999 _c5733
_d5733